000 01590nam a2200385 a 4500
001 ebr10456924
003 CaPaEBR
006 m u
007 cr cn|||||||||
008 110311s2011 enk sb 001 0 eng d
010 _z 2011280972
020 _z9781848854710 (hbk.)
020 _z1848854714 (hbk.)
020 _z9780857719072 (e-book)
040 _aCaPaEBR
_cCaPaEBR
035 _a(OCoLC)709606204
043 _an-us---
_aa-jo---
050 1 4 _aHC415.26
_b.E4 2011eb
082 0 4 _a337.7305695
_222
100 1 _aEl-Anis, Imad.
245 1 0 _aJordan and the United States
_h[electronic resource] :
_bthe political economy of trade and economic reform in the Middle East /
_cImad H. El-Anis.
260 _aLondon ;
_aNew York :
_bTauris Academic Studies,
_c2011.
300 _axviii, 320 p.
490 1 _aLibrary of international relations ;
_v50
504 _aIncludes bibliographical references and index.
533 _aElectronic reproduction.
_bPalo Alto, Calif. :
_cebrary,
_d2013.
_nAvailable via World Wide Web.
_nAccess may be limited to ebrary affiliated libraries.
651 0 _aJordan
_xEconomic policy.
651 0 _aJordan
_xEconomic conditions.
651 0 _aJordan
_xForeign economic relations
_zUnited States.
651 0 _aUnited States
_xForeign economic relations
_zJordan.
655 7 _aElectronic books.
_2local
710 2 _aebrary, Inc.
830 0 _aLibrary of international relations (Series) ;
_v50.
856 4 0 _uhttp://site.ebrary.com/lib/rucke/Doc?id=10456924
_zAn electronic book accessible through the World Wide Web; click to view
999 _c226282
_d226282